Les expressions de la langue française avec les parties du corps - Statistiques

Statistiques générales
  • Ce quiz a été pris 2 612 fois
    2 597 depuis la dernière actualisation
  • Le résultat moyen est 49 sur 66
Statistiques - réponses
Expression Partie du corps % Correct
prendre les jambes à son cou
98%
quand les poules auront des dents
96%
clouer le ... à quelqu'un bec
95%
c'est tiré par les cheveux
95%
avoir des ... de fée doigts
95%
obéir au doigt et à l' ... oeil
95%
avoir un petit pois à la place du cerveau
94%
le froid me donne la ... de poule chair
94%
avoir un chat dans la gorge
94%
les murs ont des oreilles
94%
écervelé : avoir la ... en l'air tête
94%
avoir les yeux plus gros que le ventre
94%
avoir le ... sur la main coeur
93%
boire ... sec cul
93%
avoir les fourmis dans les jambes
93%
en venir aux mains
93%
la moutarde me monte au nez
93%
ne pas avoir froid aux yeux
92%
s'en lècher les babines
91%
avoir la ... bien pendue langue
91%
le ... d'Achille talon
91%
cette voiture coûte la peau des ... fesses
90%
avoir le ... long bras
89%
se tourner les pouces
89%
changer son fusil d' ... épaule
88%
coup de poignard dans le dos
87%
très maigre, il a les ... creuses joues
86%
n'avoir que la ... et les os peau
86%
se serrer les coudes
84%
être sur le ... de guerre pied
82%
rire dans sa barbe
81%
dormir à ... fermés poings
81%
enlever le pain de la bouche
80%
paresse : avoir un ... dans la main poil
80%
se montrer aimable : faire bonne ... figure
78%
à première vue
78%
se défendre becs et ... ongles
77%
s'endormir : avoir les ... lourdes paupières
77%
se faire du mauvais sang
75%
ne rien avoir dans le ... (tête) crane
74%
ne pas faire de vieux os
69%
c'est désert, il n'y a pas ... qui vive âme
68%
il a pris le ballon en pleine face
68%
avoir du poil au menton
68%
être à bout de nerfs
68%
montrer ... blanche patte
68%
avoir une ... de moineau cervelle
64%
avoir la ... à l'oeil larme
63%
avoir des ... froides sueurs
63%
avoir les ... (dents) crocs
60%
sortir de la ... de Jupiter cuisse
60%
avoir l' ... dans les talons estomac
60%
avoir un trou de mémoire
59%
très fatigué : être sur les rotules
59%
manger du bout des lèvres
57%
être en ... de peloton queue
54%
se mettre la ... au court-bouillon rate
44%
la zone des batailles, le ... front
39%
avoir de la chance, de la ... veine
39%
se contempler le nombril
37%
travailler à la force du poignet
37%
se faire du souci,, de la ... bile
35%
demander pardon à ... genoux
29%
prendre des ... pour des lanternes vessies
29%
être la ... ouvrière cheville
27%
exclure, mettre à l' ... index
14%
Aucun quiz correspondant
Distribution des résultats
% des personnes avec chaque résultat
Percentile par nombre de réponses
Votre historique - résultats
Vous n’avez pas pris ce quiz depuis la dernière actualisation